000 00173nam a2200073Ia 4500
008 170817s9999 xx 000 0 und d
100 _aPANKAJAM G.
245 0 _aEDUCATION & DEVELOPMENT
260 _bGYAN PUB.
999 _c37657
_d37657